000 00502nam a2200169Ia 4500
003 OSt
005 20191230100905.0
008 190216s9999||||xx |||||||||||||| ||und||
040 _coclc
082 _a330.0151
_bPOT/Q
100 _aPotti, L R
_9868
245 0 _aQuantitative Methods For Economics Analysis /
_cL R Potti
260 _bYamuna Publications,
_aThiruvananthapuram:
300 _a304 p
650 _aEconomics
942 _cBK
_2ddc
_h330.0151
_iPOT/Q
_k330.0151
_mPOT/Q
999 _c10149
_d10149